| 000 | 00573nam a2200205 a 4500 | ||
|---|---|---|---|
| 005 | 20220811064046.0 | ||
| 008 | 030331s2000 mx r 000 0 spa d | ||
| 020 | _a8436809823 | ||
| 035 | _aUPN01000123453 | ||
| 049 | _aCG | ||
| 050 | 4 |
_aQP360 _bV5.5 |
|
| 100 | 1 | _aVila Castellar, Jaime | |
| 245 | 1 | 4 |
_aUna introducción a la psicofisiología clínica / _cJaime Vila Castellar. |
| 260 |
_aMadrid : _bPirámide, _cc2000. |
||
| 300 | _a262 p. | ||
| 440 | 0 | _aPsicología | |
| 650 | 4 |
_aPsicofisiología _9452 |
|
| 650 | 4 |
_aSISTEMA NERVIOSO - _xFISIOLOGIA |
|
| 905 | _aLibro | ||
| 999 |
_c95633 _d95633 |
||